Επικίνδυνη ζώνη
Αποθηκεύτηκε σε:
| Κύριος συγγραφέας: | |
|---|---|
| Άλλοι συγγραφείς: | , |
| Μορφή: | Βιβλίο |
| Γλώσσα: | Greek English |
| Δημοσίευση: |
Αθήνα :
Ωκεανίδα,
c2007.
|
| Θέματα: | |
| Ετικέτες: |
Προσθήκη ετικέτας
Δεν υπάρχουν, Καταχωρήστε ετικέτα πρώτοι!
|
MARC
| LEADER | 00000cam a2200000 a 4500 | ||
|---|---|---|---|
| 001 | 1/121449 | ||
| 008 | 200602s2007####gr | ||| |||| ||gre|| | ||
| 020 | |a 9789604105236 | ||
| 040 | |a GR-MyUa |b gre |c GR-MyUa |e AACR2 | ||
| 041 | 1 | |a gre |h eng | |
| 082 | 7 | |a 813 |2 (23) | |
| 100 | 1 | |a Cornwell, Patricia, |d 1956- | |
| 245 | 1 | 0 | |a Επικίνδυνη ζώνη / |c Πατρίτσια Κόρνγουελ ; μετάφραση: Λεωνίδας Καρατζάς ; μετάφραση-τυπογραφική διόρθωση: Αρετή Μπουκάλα. |
| 260 | |a Αθήνα : |b Ωκεανίδα, |c c2007. | ||
| 300 | |a 269 σ. ; |c 21 εκ. | ||
| 500 | |a Τίτλος πρωτοτύπου: At risk. | ||
| 650 | 0 | |a American fiction |y 21st century. | |
| 650 | 0 | |a American literature |y 21st century. | |
| 700 | 1 | |a Καρατζάς, Λεωνίδας, |e trl | |
| 700 | 1 | |a Μπουκάλα, Αρετή, |e edtf | |
| 852 | |a INST |b RHODES |e 20200602 |h 813 COR |p 005400041490 |q 005400041490 |t BK |y 0 | ||
| 920 | |a Δωρεά βιβλιοθήκης |y Ρόδος |z 2020-05 | ||
| 970 | |a Μαρία |b Κωτάκου |z 02-06-2020 | ||